| 000 | 00675nam a2200229 i 4500 | ||
|---|---|---|---|
| 001 | bg | ||
| 100 | 1 | _aWÓJCIK, Wiesław | |
| 245 | 1 | 0 | _aPodstawy konstruowania.Cz. 1,Zadania projektowe : album z rysunkami cz. C. |
| 260 |
_aLublin : _bWydawnictwa Uczelniane PL, _c1996. |
||
| 300 |
_a[14] s. : _bil. ; _c30 cm. |
||
| 650 | 9 |
_aMaszyny _xbudowa i konstrukcje _xprojekty |
|
| 650 | 9 |
_aMaszyny _xrysunek techniczny |
|
| 655 | _aPodręczniki akademickie | ||
| 655 | _aTablice i wzory | ||
| 020 | _a8386333073 | ||
| 040 | _cBPK | ||
| 041 | _apol | ||
| 080 | _a621:744](075.8)(083) | ||
| 920 | _a83-86333-07-3 | ||
| 942 | _cKS | ||
| 008 | s pl f |000 0 pol | ||
| 999 |
_c49771 _d49771 |
||
| 856 |
_uhttp://koha.tu.koszalin.pl/cgi-bin/koha/opac-detail.pl?biblionumber=49771 _yKatalog online BPK |
||